MARC

Tag First Indicator Second Indicator Subfields
LEADER 00000cgm a2200000Mi 4500
001 in00005598705
006 m o c
007 cr |n||||||||a
007 vz |za|z|
008 210105s1995 tr 061 e o vneng d
005 20241201234018.0
035 |a (OCoLC)on1358780290 
040 |a ALSTP  |b eng  |e rda  |c ALSTP  |d OCLCF  |d OCLCO  |d OCLCL  |d DXU 
019 |a 1316501034  |a 1339157308  |a 1358780745  |a 1373526898  |a 1444006492 
035 |a (OCoLC)1358780290  |z (OCoLC)1316501034  |z (OCoLC)1339157308  |z (OCoLC)1358780745  |z (OCoLC)1373526898  |z (OCoLC)1444006492 
043 |a nwtr--- 
049 |a TXAM 
245 0 0 |a Workshop for Peter Minshall, HALLELUJAH /  |c [Banyan Archive]. 
264 1 |a Trinidad and Tobago :  |b Banyan Archive,  |c 1995. 
300 |a 1 online resource (61 minutes) 
306 |a 010026 
336 |a two-dimensional moving image  |b tdi  |2 rdacontent 
337 |a computer  |b c  |2 rdamedia 
337 |a video  |b v  |2 rdamedia 
338 |a online resource  |b cr  |2 rdacarrier 
347 |a video file  |2 rda 
490 0 |a Academic Video Online 
500 |a Title from resource description page (viewed December 5, 2022). 
520 |a This video is about Peter Minshall rehearsing with his Mas band, Halleluja. 
546 |a In English. 
650 0 |a Carnival  |z Trinidad and Tobago. 
650 0 |a Carnival costume  |z Trinidad and Tobago. 
650 0 |a Festivals  |z Trinidad and Tobago. 
651 0 |a Trinidad and Tobago  |x Social life and customs. 
650 6 |a Carnavals  |z Trinité-et-Tobago. 
650 6 |a Costumes de carnaval  |z Trinité-et-Tobago. 
651 6 |a Trinité-et-Tobago  |x Mœurs et coutumes. 
650 7 |a Carnival  |2 fast 
650 7 |a Carnival costume  |2 fast 
650 7 |a Festivals  |2 fast 
650 7 |a Manners and customs  |2 fast 
651 7 |a Trinidad and Tobago  |2 fast  |1 https://id.oclc.org/worldcat/entity/E39PBJd3Qhcfgyjgt7QFBtRVG3 
655 7 |a documentary film.  |2 aat 
655 7 |a Documentary films  |2 fast 
655 7 |a Unedited footage  |2 fast 
655 7 |a Documentary films.  |2 lcgft 
655 7 |a Unedited footage.  |2 lcgft 
655 7 |a Documentaires.  |2 rvmgf 
700 1 |a Minshall, Peter  |c (Costume designer),  |d 1941-  |e creator. 
710 2 |a Banyan Archives,  |e film distributor,  |e publisher. 
856 4 0 |u http://proxy.library.tamu.edu/login?url=https://www.aspresolver.com/aspresolver.asp?MARC;3275659  |z Connect to this streaming video (Alexander Street Press)  |t 0 
955 |a Alexander Street Press subscription streaming video 
994 |a 92  |b TXA 
999 f f |s 3e4ab60a-a039-4a02-b376-ae90e86cef3c  |i 53b38e27-89ea-436c-a974-129d7db8c687  |t 0 
952 f f |a Texas A&M University  |b College Station  |c Electronic Resources  |d Available Online  |t 0  |h Library of Congress classification 
998 f f |t 0  |l Available Online